[Event "Ruhrgebiet Verbandsklasse Gruppe 3 1819"]
[Site "Nordrheinwestfalen"]
[Date "2019.05.05"]
[Round "9.2"]
[White "Reininghaus, Dennis"]
[Black "Klups, Christoph"]
[Result "0-1"]
[WhiteElo "1793"]
[BlackElo "1965"]
[PlyCount "40"]
[EventDate "2018.09.23"]
[EventType "team-tourn"]
[EventRounds "9"]
[EventCountry "GER"]
[SourceTitle "EXT 2022"]
[Source "ChessBase"]
[SourceDate "2021.10.06"]
[SourceVersion "1"]
[SourceVersionDate "2021.10.06"]
[SourceQuality "1"]
[WhiteTeam "Unna SV"]
[BlackTeam "Essen Listiger Bauer"]
[WhiteTeamCountry "GER"]
[BlackTeamCountry "GER"]

1. d4 Nf6 2. Nf3 e6 3. e3 b6 4. Bd3 Bb7 5. 0-0 d5 6. b3 Nbd7 7. Bb2 Ne4 8. Nbd2 f6 9. Nh4 Nxd2 10. Qh5+ Ke7 11. Ng6+ hxg6 12. Qxh8 Nxf1 13. Bxg6 Nd2 14. f3 f5 15. Qg8 Nf6 16. Qf7+ Kd6 17. Ba3+ Kc6 18. Qxe6+ Bd6 19. c4 Bc8 20. cxd5+ Kb7 0-1

[Event "Ruhrgebiet Verbandsklasse Gruppe 3 1819"]
[Site "Nordrheinwestfalen"]
[Date "2019.01.20"]
[Round "5.2"]
[White "Klups, Christoph"]
[Black "Koprek, Juergen"]
[Result "1-0"]
[WhiteElo "1958"]
[BlackElo "1827"]
[PlyCount "83"]
[EventDate "2018.09.23"]
[EventType "team-tourn"]
[EventRounds "9"]
[EventCountry "GER"]
[SourceTitle "EXT 2022"]
[Source "ChessBase"]
[SourceDate "2021.10.06"]
[SourceVersion "1"]
[SourceVersionDate "2021.10.06"]
[SourceQuality "1"]
[WhiteTeam "Essen Listiger Bauer"]
[BlackTeam "Ruettenscheid Rochade"]
[WhiteTeamCountry "GER"]
[BlackTeamCountry "GER"]

1. e4 e6 2. d4 d5 3. Nc3 Bb4 4. e5 c5 5. a3 cxd4 6. axb4 dxc3 7. bxc3 Ne7 8. Bd3 Qc7 9. Ne2 Nd7 10. f4 f6 11. exf6 Nxf6 12. Be3 0-0 13. Bd4 Nc6 14. Bc5 Rf7 15. b5 Na5 16. Bd4 b6 17. 0-0 Nc4 18. Ng3 Bd7 19. Rb1 Re8 20. Rb4 e5 21. fxe5 Nxe5 22. Nh5 Neg4 23. Nxf6+ Rxf6 24. g3 Rh6 25. Qf3 Nf6 26. Bxf6 Rxf6 27. Qxd5+ Be6 28. Bxh7+ Kh8 29. Qh5 Qc5+ 30. Qxc5 bxc5 31. Rxf6 cxb4 32. Bg6 gxf6 33. Bxe8 bxc3 34. Kf2 Bf5 35. Ke3 Bxc2 36. Kd4 Kg7 37. Kxc3 Bd1 38. Kb4 Kf8 39. Bc6 Ke7 40. Ka5 Kd6 41. Ka6 Kc7 42. Kxa7 1-0

[Event "Ruhrgebiet Verbandsklasse Gruppe 3 1819"]
[Site "Nordrheinwestfalen"]
[Date "2018.10.07"]
[Round "2.2"]
[White "Schmidt, Kevin"]
[Black "Klups, Christoph"]
[Result "0-1"]
[WhiteElo "1897"]
[BlackElo "1958"]
[PlyCount "72"]
[EventDate "2018.09.23"]
[EventType "team-tourn"]
[EventRounds "9"]
[EventCountry "GER"]
[SourceTitle "EXT 2022"]
[Source "ChessBase"]
[SourceDate "2021.10.06"]
[SourceVersion "1"]
[SourceVersionDate "2021.10.06"]
[SourceQuality "1"]
[WhiteTeam "Muelheim Nord IV"]
[BlackTeam "Essen Listiger Bauer"]
[WhiteTeamCountry "GER"]
[BlackTeamCountry "GER"]

1. e4 c5 2. Nf3 Nc6 3. d4 cxd4 4. Nxd4 Nf6 5. Nc3 e5 6. Ndb5 d6 7. Bg5 a6 8. Na3 b5 9. Nd5 Be7 10. Bxf6 Bxf6 11. c4 b4 12. Nc2 Rb8 13. b3 0-0 14. Be2 g6 15. Qd2 Bg5 16. Qd3 f5 17. Bf3 f4 18. Rd1 Kh8 19. a3 a5 20. axb4 axb4 21. Ra1 Bh6 22. h4 Rf7 23. Ke2 Nd4+ 24. Nxd4 exd4 25. Ra4 Bg7 26. h5 g5 27. h6 Be5 28. Bh5 Rfb7 29. Qf3 Bd7 30. Ra6 Qc8 31. Kd3 Rb5 32. Ra2 Rxd5 33. exd5 Bf5+ 34. Kd2 d3 35. g4 Bc3+ 36. Kd1 Ra8 0-1

[Event "Ruhrgebiet Verbandsliga Gruppe 2 1617"]
[Site "Germany"]
[Date "2016.12.18"]
[Round "5.3"]
[White "Klups, Christoph"]
[Black "Fistoul, Boris"]
[Result "1-0"]
[WhiteElo "1960"]
[BlackElo "1869"]
[PlyCount "55"]
[EventDate "2016.09.04"]
[EventType "team-tourn"]
[EventRounds "9"]
[EventCountry "GER"]
[SourceTitle "EXT 2022"]
[Source "ChessBase"]
[SourceDate "2021.10.06"]
[SourceVersion "1"]
[SourceVersionDate "2021.10.06"]
[SourceQuality "1"]
[WhiteTeam "Essen Listiger Bauer"]
[BlackTeam "Bochum SG III"]
[WhiteTeamCountry "GER"]
[BlackTeamCountry "GER"]

1. e4 e6 2. d4 b6 3. Bd3 Bb7 4. Nf3 c5 5. 0-0 Nf6 6. Qe2 Be7 7. c3 d5 8. e5 Nfd7 9. a4 Nc6 10. Na3 Rc8 11. Nb5 a6 12. Nd6+ Bxd6 13. exd6 cxd4 14. cxd4 Nb4 15. Ng5 Nxd3 16. Qxd3 Nf6 17. Bf4 Nh5 18. Bd2 h6 19. Nxe6 fxe6 20. Qg6+ Kf8 21. Qxh5 Qxd6 22. Ra3 Kg8 23. Rg3 Rf8 24. Qg6 Rf7 25. Re1 Bc8 26. Ree3 Qd7 27. Rc3 Kf8 28. Rgf3 1-0

[Event "Ruhrgebiet Verbandsklasse Gruppe 1 1415"]
[Site "Germany"]
[Date "2015.04.26"]
[Round "9.4"]
[White "Ziemann, David"]
[Black "Klups, Christoph"]
[Result "0-1"]
[WhiteElo "1515"]
[BlackElo "1963"]
[PlyCount "40"]
[EventDate "2014.09.21"]
[EventType "team-tourn"]
[EventRounds "9"]
[EventCountry "GER"]
[SourceTitle "EXT 2022"]
[Source "ChessBase"]
[SourceDate "2021.10.06"]
[SourceVersion "1"]
[SourceVersionDate "2021.10.06"]
[SourceQuality "1"]
[WhiteTeam "Bochum SG IV"]
[BlackTeam "Essen Listiger Bauer"]
[WhiteTeamCountry "GER"]
[BlackTeamCountry "GER"]

1. e4 c5 2. Nc3 Nc6 3. f4 g6 4. Nf3 Bg7 5. Bb5 Nd4 6. 0-0 e6 7. e5 a6 8. Bd3 d5 9. Nxd4 cxd4 10. Ne2 Ne7 11. b3 f6 12. Qe1 0-0 13. exf6 Bxf6 14. Qg3 Nc6 15. Ba3 Rf7 16. Bb2 Bh4 17. Qf3 e5 18. f5 e4 19. Bxe4 dxe4 20. Qxe4 Bxf5 0-1

[Event "Ruhrgebiet Verbandsklasse Gruppe 1 1415"]
[Site "Germany"]
[Date "2015.02.08"]
[Round "6"]
[White "Dawid, Adalbert"]
[Black "Klups, Christoph"]
[Result "1-0"]
[WhiteElo "1881"]
[BlackElo "1942"]
[PlyCount "63"]
[EventDate "2014.09.21"]
[EventType "team-tourn"]
[EventRounds "9"]
[EventCountry "GER"]
[SourceTitle "EXT 2022"]
[Source "ChessBase"]
[SourceDate "2021.10.06"]
[SourceVersion "1"]
[SourceVersionDate "2021.10.06"]
[SourceQuality "1"]
[WhiteTeam "Dortmund Hansa III"]
[BlackTeam "Essen Listiger Bauer"]
[WhiteTeamCountry "GER"]
[BlackTeamCountry "GER"]

1. d4 Nf6 2. c4 e6 3. Nf3 d5 4. Nc3 c6 5. Bg5 dxc4 6. e4 b5 7. e5 h6 8. Bh4 g5 9. Nxg5 hxg5 10. Bxg5 Nbd7 11. exf6 Bb7 12. g3 Qb6 13. Bg2 0-0-0 14. 0-0 c5 15. d5 Bh6 16. Bxh6 Rxh6 17. dxe6 Bxg2 18. exd7+ Rxd7 19. Qc1 Bxf1 20. Qxh6 Bd3 21. Re1 Kb7 22. Qf8 Qc6 23. Re7 Bg6 24. Rxd7+ Qxd7 25. Qe7 Kc6 26. Qxd7+ Kxd7 27. Nxb5 a6 28. Nc3 Ke6 29. Kg2 Kxf6 30. Kf3 Ke5 31. Ke3 Bd3 32. f4+ 1-0

[Event "Ruhrgebiet Verbandsklasse Gruppe 1 1415"]
[Site "Germany"]
[Date "2015.01.18"]
[Round "5.4"]
[White "Klups, Christoph"]
[Black "Boecker, Juergen"]
[Result "1-0"]
[WhiteElo "1942"]
[BlackElo "1778"]
[PlyCount "117"]
[EventDate "2014.09.21"]
[EventType "team-tourn"]
[EventRounds "9"]
[EventCountry "GER"]
[SourceTitle "EXT 2022"]
[Source "ChessBase"]
[SourceDate "2021.10.06"]
[SourceVersion "1"]
[SourceVersionDate "2021.10.06"]
[SourceQuality "1"]
[WhiteTeam "Essen Listiger Bauer"]
[BlackTeam "Oberhausen SW"]
[WhiteTeamCountry "GER"]
[BlackTeamCountry "GER"]

1. e4 e5 2. Nf3 Nf6 3. Qe2 Nc6 4. c3 d6 5. d3 Be7 6. h3 0-0 7. g3 Re8 8. Bg2 d5 9. Nbd2 dxe4 10. dxe4 Nd7 11. b4 a6 12. Nc4 b5 13. Ne3 Nb6 14. 0-0 Be6 15. Rd1 Qc8 16. Nd5 Nc4 17. Ng5 Nd8 18. Nxe6 Nxe6 19. h4 c6 20. Nxe7+ Rxe7 21. Bh3 Nf4 22. Bxf4 Qxh3 23. Be3 Qe6 24. Bc5 Ree8 25. a4 g6 26. Rd3 Rad8 27. axb5 axb5 28. Ra7 Kg7 29. Kg2 h5 30. Rc7 Kh6 31. Rxd8 Rxd8 32. Qf3 Kg7 33. Re7 Qf6 34. Qxf6+ Kxf6 35. Rc7 Rd3 36. Rxc6+ Kg7 37. Be7 Rxc3 38. Bf6+ Kh7 39. Rc5 Rc2 40. Bxe5 Ne3+ 41. Kf3 Rxc5 42. bxc5 Nc4 43. Bd4 Na5 44. e5 Nc6 45. Ke4 Ne7 46. f3 Kg8 47. g4 Kf8 48. gxh5 gxh5 49. f4 Ke8 50. f5 Kd7 51. Kf4 b4 52. Kg5 b3 53. Kf6 Nc6 54. Bb2 Nd8 55. Bc3 Ke8 56. Kg5 Ke7 57. Kxh5 f6 58. Kg6 fxe5 59. Bxe5 1-0

[Event "Ruhrgebiet Verbandsklasse Gruppe 1 1415"]
[Site "Germany"]
[Date "2014.09.21"]
[Round "1"]
[White "Klups, Christoph"]
[Black "Reininghaus, Dennis"]
[Result "1-0"]
[WhiteElo "1942"]
[BlackElo "1664"]
[PlyCount "75"]
[EventDate "2014.09.21"]
[EventType "team-tourn"]
[EventRounds "9"]
[EventCountry "GER"]
[SourceTitle "EXT 2022"]
[Source "ChessBase"]
[SourceDate "2021.10.06"]
[SourceVersion "1"]
[SourceVersionDate "2021.10.06"]
[SourceQuality "1"]
[WhiteTeam "Essen Listiger Bauer"]
[BlackTeam "Unna SV"]
[WhiteTeamCountry "GER"]
[BlackTeamCountry "GER"]

1. e4 c5 2. Nf3 e6 3. d4 cxd4 4. Nxd4 Qb6 5. Nb3 Qc7 6. g3 Nf6 7. Bg2 d6 8. 0-0 Bd7 9. Nc3 a6 10. Qe2 Be7 11. f4 Bc6 12. Be3 Nbd7 13. Nd4 0-0 14. Nxc6 bxc6 15. Na4 d5 16. e5 Ne8 17. c4 Qa5 18. b3 Nc5 19. Nb2 g6 20. f5 gxf5 21. Bh6 Ng7 22. g4 Ne4 23. gxf5 exf5 24. Bxe4 dxe4 25. Bxg7 Kxg7 26. Rxf5 Qc3 27. Kh1 Qh3 28. Qxe4 Rad8 29. Rg1+ Kh8 30. Rf3 Qh5 31. Nd3 Rd4 32. Qe3 Rh4 33. Rf2 Rh3 34. Qe4 Rh4 35. Qxc6 Rg4 36. Rfg2 Rfg8 37. Rxg4 Rxg4 38. Qc8+ 1-0

[Event "NRW Verbandsliga Group1 1314"]
[Site "Nordrheinwestfalen"]
[Date "2014.04.06"]
[Round "9.5"]
[White "Klups, Christoph"]
[Black "Zimmermann, Dirk"]
[Result "0-1"]
[WhiteElo "1931"]
[BlackElo "1950"]
[PlyCount "56"]
[EventDate "2013.09.08"]
[EventType "team-tourn"]
[EventRounds "9"]
[EventCountry "GER"]
[SourceTitle "EXT 2020"]
[Source "ChessBase"]
[SourceDate "2019.10.17"]
[SourceVersion "1"]
[SourceVersionDate "2019.10.17"]
[SourceQuality "1"]
[WhiteTeam "Listiger Bauer Essen"]
[BlackTeam "Doppelbauer Brambauer"]
[WhiteTeamCountry "GER"]
[BlackTeamCountry "GER"]

1. e4 d6 2. c4 Nf6 3. Nc3 Nbd7 4. d4 e5 5. d5 c5 6. g3 Be7 7. Bg2 0-0 8. Nh3 a6 9. 0-0 b5 10. f4 exf4 11. gxf4 Nb6 12. e5 Ne8 13. cxb5 axb5 14. Qh5 b4 15. Ne4 f6 16. e6 Bb7 17. Ng3 g6 18. Qh6 f5 19. Ng5 Bxg5 20. fxg5 Bxd5 21. b3 Bxg2 22. Kxg2 Qe7 23. Re1 Nd5 24. Bb2 Nc3 25. Bxc3 bxc3 26. Ne2 Qb7+ 27. Kg3 f4+ 28. Nxf4 Ng7 0-1

[Event "NRW Verbandsliga Group1 1314"]
[Site "Nordrheinwestfalen"]
[Date "2014.03.09"]
[Round "8.6"]
[White "Klups, Christoph"]
[Black "Braun, Uwe"]
[Result "1-0"]
[WhiteElo "1931"]
[BlackElo "1858"]
[PlyCount "65"]
[EventDate "2013.09.08"]
[EventType "team-tourn"]
[EventRounds "9"]
[EventCountry "GER"]
[SourceTitle "EXT 2020"]
[Source "ChessBase"]
[SourceDate "2019.10.17"]
[SourceVersion "1"]
[SourceVersionDate "2019.10.17"]
[SourceQuality "1"]
[WhiteTeam "Listiger Bauer Essen"]
[BlackTeam "Bottrop SV"]
[WhiteTeamCountry "GER"]
[BlackTeamCountry "GER"]

1. e4 c6 2. c4 e5 3. Nf3 d6 4. d4 Bg4 5. Nc3 Nd7 6. d5 c5 7. Be2 Be7 8. 0-0 Ngf6 9. Ne1 Bxe2 10. Qxe2 Nf8 11. Nd3 h6 12. f4 exf4 13. Bxf4 Ng6 14. e5 dxe5 15. Nxe5 Nxf4 16. Rxf4 0-0 17. Raf1 Bd6 18. Rxf6 Bxe5 19. Qxe5 gxf6 20. Qg3+ Kh7 21. Ne4 f5 22. Rxf5 f6 23. Qf2 Kg6 24. Qg3+ Kxf5 25. Nd6+ Qxd6 26. Qxd6 b6 27. Kf2 Rfe8 28. Qd7+ Kg6 29. g4 Re5 30. Kg3 Rae8 31. d6 Re3+ 32. Kh4 R3e5 33. Qc7 1-0

[Event "NRW Verbandsliga Group1 1314"]
[Site "Nordrheinwestfalen"]
[Date "2013.09.29"]
[Round "2.5"]
[White "Schmitz, Martin"]
[Black "Klups, Christoph"]
[Result "0-1"]
[WhiteElo "1909"]
[BlackElo "1931"]
[PlyCount "88"]
[EventDate "2013.09.08"]
[EventType "team-tourn"]
[EventRounds "9"]
[EventCountry "GER"]
[SourceTitle "EXT 2020"]
[Source "ChessBase"]
[SourceDate "2019.10.17"]
[SourceVersion "1"]
[SourceVersionDate "2019.10.17"]
[SourceQuality "1"]
[WhiteTeam "Dortmund FS 98"]
[BlackTeam "Listiger Bauer Essen"]
[WhiteTeamCountry "GER"]
[BlackTeamCountry "GER"]

1. e4 Nf6 2. Nc3 e5 3. Bc4 Nc6 4. d3 Bb4 5. Nge2 Na5 6. Bb3 Nxb3 7. axb3 d5 8. exd5 Nxd5 9. 0-0 0-0 10. Nxd5 Qxd5 11. Nc3 Qc6 12. Ra4 a5 13. Na2 Be7 14. Rc4 Qg6 15. Qf3 c6 16. Nc3 f5 17. Re1 Be6 18. Ra4 e4 19. Qg3 Qf6 20. Bf4 b5 21. Raa1 Bc5 22. Rad1 e3 23. fxe3 h6 24. d4 Bb4 25. Be5 Qg5 26. Qxg5 hxg5 27. Rf1 Bxc3 28. bxc3 a4 29. bxa4 bxa4 30. Ra1 Rfd8 31. Rfb1 a3 32. Rb7 Rd7 33. Rxd7 Bxd7 34. Bd6 a2 35. Kf2 Be6 36. Ke1 Bc4 37. g3 g4 38. Kf2 Kf7 39. e4 fxe4 40. Ke3 Ke6 41. Bb4 Kd5 42. Kf4 Re8 43. Ke3 g5 44. Bc5 Rh8 0-1

[Event "Ruhrgebiet VK3 1213"]
[Site "Nordrheinwestfalen"]
[Date "2013.02.24"]
[Round "7.4"]
[White "Dlouhy, Peter"]
[Black "Klups, Christoph"]
[Result "1/2-1/2"]
[WhiteElo "1919"]
[BlackElo "1923"]
[PlyCount "84"]
[EventDate "2012.09.02"]
[EventType "team-tourn"]
[EventRounds "9"]
[EventCountry "GER"]
[SourceTitle "EXT 2020"]
[Source "ChessBase"]
[SourceDate "2019.10.17"]
[SourceVersion "1"]
[SourceVersionDate "2019.10.17"]
[SourceQuality "1"]
[WhiteTeam "Unser Fritz"]
[BlackTeam "Listiger Bauer Essen"]
[WhiteTeamCountry "GER"]
[BlackTeamCountry "GER"]

1. d4 Nf6 2. Nf3 e6 3. e3 b6 4. Bd3 Bb7 5. 0-0 d5 6. b3 Nbd7 7. Bb2 a5 8. a4 Be7 9. Nbd2 0-0 10. Rc1 Ne4 11. c4 Bb4 12. Bb1 f5 13. Nxe4 fxe4 14. Ne5 Nxe5 15. dxe5 dxc4 16. bxc4 Qxd1 17. Rfxd1 Rad8 18. Bc2 Ba6 19. Bxe4 Rxd1+ 20. Rxd1 c5 21. Bd3 Kf7 22. Kf1 Ke7 23. Be2 Bc8 24. Rd6 Bd7 25. Bd1 Rb8 26. Ke2 Be8 27. Bc2 g6 28. f4 Rd8 29. Rxd8 Kxd8 30. g4 Ke7 31. e4 Bd7 32. f5 Kf7 33. h4 Kg7 34. f6+ Kf7 35. Bd1 Bc6 36. Bc2 Bd7 37. Bd1 Bc6 38. Bc2 Bd7 39. g5 Bc6 40. Kf3 Bd7 41. Kg4 Bc6 42. h5 Bd7 1/2-1/2

[Event "Ruhrgebiet VK3 1213"]
[Site "Nordrheinwestfalen"]
[Date "2012.09.30"]
[Round "2.4"]
[White "Klups, Christoph"]
[Black "Landscheidt, Heinz"]
[Result "1/2-1/2"]
[WhiteElo "1923"]
[BlackElo "1932"]
[PlyCount "130"]
[EventDate "2012.09.02"]
[EventType "team-tourn"]
[EventRounds "9"]
[EventCountry "GER"]
[SourceTitle "EXT 2020"]
[Source "ChessBase"]
[SourceDate "2019.10.17"]
[SourceVersion "1"]
[SourceVersionDate "2019.10.17"]
[SourceQuality "1"]
[WhiteTeam "Listiger Bauer Essen"]
[BlackTeam "Wacker Bergeborbeck"]
[WhiteTeamCountry "GER"]
[BlackTeamCountry "GER"]

1. e4 e5 2. Nf3 Nc6 3. Bb5 Nf6 4. 0-0 Nxe4 5. d4 Nd6 6. Bxc6 dxc6 7. dxe5 Nf5 8. Qxd8+ Kxd8 9. Rd1+ Ke8 10. Nc3 Ne7 11. h3 Ng6 12. Nd4 Bc5 13. Nb3 Bb6 14. Na4 Be6 15. Nac5 Bxc5 16. Nxc5 b6 17. Na6 Rc8 18. Bg5 Ne7 19. Rd2 h6 20. Bxe7 Kxe7 21. Nb4 Bd7 22. Rad1 Rhd8 23. c4 a5 24. Nc2 Be8 25. Rxd8 Rxd8 26. Rxd8 Kxd8 27. c5 Ke7 28. f4 f6 29. exf6+ Kxf6 30. Ne3 Bf7 31. a3 Be6 32. g4 Ke7 33. Kf2 bxc5 34. f5 Bd5 35. Kg3 Kd6 36. Kf4 c4 37. h4 Kc5 38. Ke5 Bf7 39. Nd1 c3 40. Nxc3 Kc4 41. g5 hxg5 42. hxg5 Kb3 43. g6 Bg8 44. Ne4 Kxb2 45. a4 Kb3 46. Nc5+ Kb4 47. Kd4 Ba2 48. Ne6 Bb1 49. Nxg7 c5+ 50. Ke5 c4 51. Ne6 c3 52. Nd4 c5 53. g7 Ba2 54. Nc2+ Kxa4 55. Kd6 Bg8 56. Ke7 Kb3 57. Ne3 c2 58. Nxc2 Kxc2 59. f6 a4 60. f7 Bxf7 61. Kxf7 a3 62. g8Q a2 63. Qg2+ Kb1 64. Qf1+ Kb2 65. Qb5+ Kc2 1/2-1/2

[Event "Ruhrgebiet VK1 1112"]
[Site "Nordrheinwestfalen"]
[Date "2012.03.04"]
[Round "7"]
[White "Dunio, Holger"]
[Black "Klups, Christoph"]
[Result "0-1"]
[WhiteElo "1624"]
[BlackElo "1921"]
[PlyCount "78"]
[EventDate "2012.09.18"]
[EventType "team-tourn"]
[EventRounds "9"]
[EventCountry "GER"]
[SourceTitle "EXT 2020"]
[Source "ChessBase"]
[SourceDate "2019.10.17"]
[SourceVersion "1"]
[SourceVersionDate "2019.10.17"]
[SourceQuality "1"]
[WhiteTeam "Oberhausen SW"]
[BlackTeam "Listiger Bauer Essen"]
[WhiteTeamCountry "GER"]
[BlackTeamCountry "GER"]

1. d4 Nf6 2. c4 e6 3. Nc3 Bb4 4. Bd2 0-0 5. e3 b6 6. Nf3 Bb7 7. Be2 d6 8. 0-0 Nbd7 9. a3 Bxc3 10. Bxc3 Ne4 11. Qc2 f5 12. b4 g5 13. Nd2 Ndf6 14. Bb2 g4 15. f3 gxf3 16. Bxf3 d5 17. cxd5 Bxd5 18. Nxe4 Nxe4 19. Bxe4 Bxe4 20. Qf2 Rf7 21. Qf4 Qd5 22. Rf2 Rg7 23. g3 Rc8 24. Rc1 Rg4 25. Qh6 Rg6 26. Qf4 c6 27. h3 h6 28. Kh2 Kh7 29. Rg1 Rcg8 30. Rff1 Qb3 31. Qf2 h5 32. Bc1 c5 33. dxc5 bxc5 34. bxc5 h4 35. g4 Qb8+ 36. Qf4 e5 37. Qf2 Qd8 38. Bb2 Qg5 39. c6 Rxc6 0-1

[Event "Ruhrgebiet VK3 0910"]
[Site "Ruhrgebiet"]
[Date "2010.03.21"]
[Round "8.4"]
[White "Klups, Christoph"]
[Black "Schriewer, Thomas"]
[Result "1/2-1/2"]
[WhiteElo "2142"]
[BlackElo "2018"]
[PlyCount "71"]
[EventDate "2009.09.06"]
[EventType "team"]
[EventRounds "9"]
[EventCountry "GER"]
[SourceTitle "EXT 2011"]
[Source "ChessBase"]
[SourceDate "2010.11.26"]
[SourceVersion "1"]
[SourceVersionDate "2010.11.26"]
[SourceQuality "1"]
[WhiteTeam "Listiger Bauer"]
[BlackTeam "Herne Sodingen II"]
[WhiteTeamCountry "GER"]
[BlackTeamCountry "GER"]

1. e4 c5 2. Nf3 Nc6 3. d4 cxd4 4. Nxd4 Nf6 5. Nc3 e5 6. Ndb5 d6 7. Bg5 a6 8. Na3 b5 9. Nd5 Be7 10. Bxf6 Bxf6 11. c3 0-0 12. Nc2 Bg5 13. h4 Bh6 14. g4 Bf4 15. Nce3 Be6 16. a4 bxa4 17. Rxa4 a5 18. Qa1 Rb8 19. Bc4 Bxe3 20. Nxe3 Qb6 21. Bd5 Bxd5 22. exd5 Ne7 23. b4 axb4 24. cxb4 Qb5 25. Qa2 Rfc8 26. Kd2 Ng6 27. Rc1 Nf4 28. Rxc8+ Rxc8 29. Qc4 Qb7 30. Qa6 Qc7 31. Qc6 Qb8 32. Qd7 h6 33. b5 Rc7 34. Ra8 Qxa8 35. Qxc7 Qa2+ 36. Qc2 1/2-1/2

[Event "Ruhrgebiet VK3 0910"]
[Site "Ruhrgebiet"]
[Date "2010.02.07"]
[Round "6.5"]
[White "Armbruester, Juergen"]
[Black "Klups, Christoph"]
[Result "1-0"]
[WhiteElo "1910"]
[BlackElo "2142"]
[PlyCount "61"]
[EventDate "2009.09.06"]
[EventType "team"]
[EventRounds "9"]
[EventCountry "GER"]
[SourceTitle "EXT 2011"]
[Source "ChessBase"]
[SourceDate "2010.11.26"]
[SourceVersion "1"]
[SourceVersionDate "2010.11.26"]
[SourceQuality "1"]
[WhiteTeam "Katernberg III"]
[BlackTeam "Listiger Bauer"]
[WhiteTeamCountry "GER"]
[BlackTeamCountry "GER"]

1. e4 c5 2. Nf3 d6 3. d4 cxd4 4. Nxd4 Nf6 5. Nc3 a6 6. Be2 b5 7. Bf3 e5 8. Nf5 d5 9. Bg5 d4 10. Nd5 Nbd7 11. 0-0 h6 12. Bh4 g5 13. Bg3 Nxd5 14. exd5 Qf6 15. d6 Rb8 16. Nxd4 exd4 17. Qe1+ Kd8 18. Qa5+ Rb6 19. Bg4 Bxd6 20. Bxd7 Bb4 21. Qxb4 Bxd7 22. Rad1 Re8 23. Rxd4 Kc8 24. Rfd1 Qe7 25. Qd2 Re6 26. f3 Qc5 27. b4 Qb6 28. Qc3+ Rc6 29. Qd3 Rce6 30. Bf2 Re2 31. Rc4+ 1-0

[Event "Ruhrgebiet VK3 0910"]
[Site "Ruhrgebiet"]
[Date "2009.12.06"]
[Round "4.5"]
[White "Reinhardt, Raphael Timon"]
[Black "Klups, Christoph"]
[Result "0-1"]
[WhiteElo "1794"]
[BlackElo "2142"]
[PlyCount "34"]
[EventDate "2009.09.06"]
[EventType "team"]
[EventRounds "9"]
[EventCountry "GER"]
[SourceTitle "EXT 2011"]
[Source "ChessBase"]
[SourceDate "2010.11.26"]
[SourceVersion "1"]
[SourceVersionDate "2010.11.26"]
[SourceQuality "1"]
[WhiteTeam "Rochade Eving"]
[BlackTeam "Listiger Bauer"]
[WhiteTeamCountry "GER"]
[BlackTeamCountry "GER"]

1. d4 Nf6 2. Nf3 e6 3. c4 d5 4. Bg5 c6 5. e3 Qa5+ 6. Nbd2 Ne4 7. Bf4 g5 8. Bxg5 dxc4 9. Bf4 c3 10. Nb3 cxb2+ 11. Nxa5 Bb4+ 12. Nd2 Bxd2+ 13. Ke2 Bxa5 14. Kf3 Nd2+ 15. Ke2 b6 16. Rb1 Ba6+ 17. Ke1 Nf3# 0-1

[Event "Ruhrgebiet VK3 0910"]
[Site "Ruhrgebiet"]
[Date "2009.10.04"]
[Round "2.5"]
[White "Hinkmann, Jens"]
[Black "Klups, Christoph"]
[Result "1-0"]
[WhiteElo "2088"]
[BlackElo "2142"]
[PlyCount "71"]
[EventDate "2009.09.06"]
[EventType "team"]
[EventRounds "9"]
[EventCountry "GER"]
[SourceTitle "EXT 2011"]
[Source "ChessBase"]
[SourceDate "2010.11.26"]
[SourceVersion "1"]
[SourceVersionDate "2010.11.26"]
[SourceQuality "1"]
[WhiteTeam "Bochum Uni"]
[BlackTeam "Listiger Bauer"]
[WhiteTeamCountry "GER"]
[BlackTeamCountry "GER"]

1. e4 c5 2. Nc3 Nc6 3. g3 g6 4. Bg2 Bg7 5. d3 d6 6. Be3 Bd7 7. Qd2 b5 8. Nxb5 a6 9. Nc3 Rb8 10. Nd1 Bxb2 11. Nxb2 Rxb2 12. Qc3 Qa5 13. Qxa5 Nxa5 14. Bd2 Rxc2 15. Bxa5 Bb5 16. Bf1 Nf6 17. Nh3 d5 18. Be2 d4 19. Bd2 0-0 20. Bd1 Bxd3 21. Bxc2 Bxc2 22. f3 c4 23. Rc1 d3 24. Bc3 Nd7 25. Kd2 Nc5 26. Nf2 f5 27. e5 Rd8 28. Rxc2 dxc2+ 29. Kxc2 Kf7 30. Rd1 Rxd1 31. Kxd1 f4 32. gxf4 Ke6 33. Kd2 Kf5 34. Ke3 Ne6 35. Ne4 a5 36. Ng3# 1-0

[Event "Ruhrgebiet VK2 0708"]
[Site "Germany"]
[Date "2008.03.09"]
[Round "7.3"]
[White "Klups, Christoph"]
[Black "Prasser, Peter"]
[Result "0-1"]
[WhiteElo "1941"]
[BlackElo "1718"]
[PlyCount "70"]
[EventDate "2007.09.16"]
[EventType "team"]
[EventRounds "9"]
[EventCountry "GER"]
[SourceTitle "EXT 2009"]
[Source "ChessBase"]
[SourceDate "2008.11.26"]
[SourceVersion "1"]
[SourceVersionDate "2008.11.26"]
[SourceQuality "1"]
[WhiteTeam "Listiger Bauer"]
[BlackTeam "Altenessen II"]
[WhiteTeamCountry "GER"]
[BlackTeamCountry "GER"]

1. d4 d5 2. c4 e6 3. Nc3 Nf6 4. Nf3 c6 5. Bg5 Nbd7 6. e3 Be7 7. Rc1 h6 8. Bh4 0-0 9. Bd3 dxc4 10. Bb1 Nd5 11. Qc2 g6 12. Bg3 b5 13. Ne5 Nxe5 14. dxe5 Bb7 15. Rd1 Qb6 16. Nxd5 cxd5 17. Rd4 h5 18. Bh4 Qd8 19. g3 Kg7 20. Rg1 Rh8 21. Bxe7 Qxe7 22. g4 Qg5 23. Rg3 Rh6 24. f4 Qe7 25. gxh5 Rah8 26. hxg6 f6 27. exf6+ Qxf6 28. Rd2 a6 29. Rg5 Rh3 30. Re5 Qh4+ 31. Kd1 Qg4+ 32. Kc1 Qg1+ 33. Rd1 Qg4 34. Qc3 Kg8 35. Qa5 Bc8 0-1